00784nam a2200217 a 450000100100000000500170001000800410002702000150006804000250008308200150010810000270012324500380015026000320018830000360022049000300025650000730028650400340035983000430039395201130043699900170054900004316720201002040705.0140220s1996 sp a 000 0 spa d a8437614740 aDO-SdBNPbspacBNPHU axxxbC981M1 aMérida, Pablo97073810aMichael Curtiz /cPablo Mérida. aMadrid :bCátedra,c1996. a383 p. :bil., retrs. ;c18 cm.1 aSigno e imagenacineastas aIncluye referencias bibliográficas y notas al pie de las páginas aBibliografía : p. [377]-381 0aSigno e imagen ;pcineastasn30970739 001050718MOaGRbGRcCTd2014-02-20iLF1l0oxxx C981Mp43167-10r2020-06-25w2020-06-25y1ZNo se presta c42656d42656